The discordant development : (Record no. 15788)

000 -LEADER
fixed length control field 02185nam a2200313 a 4500
001 - CONTROL NUMBER
control field ASIN0745331491
005 - DATE AND TIME OF LATEST TRANSACTION
control field 20170105102925.0
008 - FIXED-LENGTH DATA ELEMENTS--GENERAL INFORMATION
fixed length control field 131211s2012 xxu eng d
020 ## - INTERNATIONAL STANDARD BOOK NUMBER
International Standard Book Number 0745331491 (paperback)
Terms of availability $35.00
020 ## - INTERNATIONAL STANDARD BOOK NUMBER
International Standard Book Number 9780745331492 (paperback)
040 ## - CATALOGING SOURCE
Original cataloging agency 0
050 04 - LIBRARY OF CONGRESS CALL NUMBER
Classification number HC440.8
082 04 - DEWEY DECIMAL CLASSIFICATION NUMBER
Classification number 330.122
Author Mark GAR 2012
100 1# - MAIN ENTRY--PERSONAL NAME
Personal name Gardner, Katy.
245 14 - TITLE STATEMENT
Title The discordant development :
Remainder of title global capitalism and the struggle for connection in bangladesh /
Statement of responsibility, etc. Katy Gardner.
260 ## - PUBLICATION, DISTRIBUTION, ETC.
Place of publication, distribution, etc. [S.l.] :
Name of publisher, distributor, etc. Pluto Press,
Date of publication, distribution, etc. 2012.
300 ## - PHYSICAL DESCRIPTION
Extent 216 p. ;
Dimensions 22 cm.
490 1# - SERIES STATEMENT
Series statement Anthropology, culture and society.
520 ## - SUMMARY, ETC.
Summary, etc. What happens when a vast multinational mining company operates a gas plant situated close to four densely populated villages in rural Bangladesh? How does its presence contribute to local processes of ‘development’? And what do corporate claims of ‘community engagement’ involve? Drawing from author Katy Gardner’s longstanding relationship with the area, Discordant Development reveals the complex and contradictory ways that local people attempt to connect to, and are disconnected by, foreign capital. Everyone has a story to tell: whether of dispossession and scarcity, the success of Corporate Social Responsibility, or imperialist exploitation and corruption. Yet as Gardner argues, what really matters in the struggles over resources is which of these stories are heard, and the power of those who tell them. Based around the discordant narratives of dispossessed land owners, urban activists, mining officials and the rural landless, Discordant Development touches on some of the most urgent economic and political questions of our time, including resource ownership and scarcity, and the impact of foreign investment and industrialisation on global development.
650 #0 - SUBJECT ADDED ENTRY--TOPICAL TERM
Topical term or geographic name entry element Bangladesh
650 #0 - SUBJECT ADDED ENTRY--TOPICAL TERM
Topical term or geographic name entry element Capitalism--Social aspects
650 #0 - SUBJECT ADDED ENTRY--TOPICAL TERM
Topical term or geographic name entry element Economic development
650 #0 - SUBJECT ADDED ENTRY--TOPICAL TERM
Topical term or geographic name entry element Economic history
650 #0 - SUBJECT ADDED ENTRY--TOPICAL TERM
Topical term or geographic name entry element Globalization
650 #0 - SUBJECT ADDED ENTRY--TOPICAL TERM
Topical term or geographic name entry element Political science
830 #0 - SERIES ADDED ENTRY--UNIFORM TITLE
Uniform title Anthropology, culture and society.
856 40 - ELECTRONIC LOCATION AND ACCESS
Materials specified Amazon.com
Uniform Resource Identifier <a href="http://www.amazon.com/exec/obidos/ASIN/0745331491/chopaconline-20">http://www.amazon.com/exec/obidos/ASIN/0745331491/chopaconline-20</a>
942 ## - ADDED ENTRY ELEMENTS (KOHA)
Source of classification or shelving scheme
Koha item type Book
Holdings
Withdrawn status Lost status Damaged status Not for loan Collection code Permanent Location Current Location Shelving location Date acquired Total Checkouts Full call number Barcode Date last seen Price effective from Koha item type
          Central Library (CL) Central Library (CL) General Stacks 10/02/2013   330.122 GAR 2012 CIPS0002130 12/11/2013 12/11/2013 Book
© 2023 Central Library, National University of Sciences and Technology. All Rights Reserved.